Криміналістичне забезпечення слідчої діяльності в органах внутрішніх справ (Запис № 459056)

МАРК-запис
000 -Лідер
fixed length control field 03963nam a22002657a 4500
001 - Контрольний номер
control field 216216977
003 - Ідентифікатор контрольного номера
control field UA-OsUOA
005 - Дата та час останнього входження (трансакції)
control field 20201117144134.0
008 - Елементи даних фіксованої довжини – загальна інформація
fixed length control field 200430b un ||||| m||| 00| 0 ukr d
040 ## - Джерело каталогізації
Агенція оригінальної каталогізації UA-OsUOA
Мова каталогізації ukr
Агенція, яка здійснювала перезапис UA-OsUOA
Агенція, яка здійснювала модифікацію UA-OsUOA
041 ## - Код мови
Код мови тексту/ звукової доріжки чи окремого заголовка (П) ukr
080 ## - Індекс Універсальної десяткової класифікації
Індекс Універсальної десяткової класифікації (УДК) (НП) 343.98:343.132
090 ## - Локальний шифр розміщення
Класифікаційний індекс УДК 343.98:343.132
095 ## - Код спеціальності для авторефератів
Код спеціальності 12.00.09
Назва спеціальності кримінальний процес та криміналістика; судова експертиза; оперативно-розшукова діяльність
100 ## - Основне введення – ім’я особи
Ім’я особи (НП) Дановська І. І.
245 ## - Відомості про назву
Назва (НП) Криміналістичне забезпечення слідчої діяльності в органах внутрішніх справ
Дані про відповідальність (НП) Дановська Ірина Ігорівна ; наук. керівник Іщенко Андрій Володимирович
260 ## - Публікація, розповсюдження і т.п. (Вихідні дані)
Місце публікації, розповсюдження і т.п. (П) Київ
Дата публікації, розповсюдження і т.п. (П) 2012
300 ## - Фізичний опис
Обсяг 16 с.
502 ## - Примітка про дисертацію
Зв'язок Автореферат дисертації на здобуття наукового ступеня кандидата юридичних наук<br/>
Наймення інституції, що представляється Національна академія внутрішніх справ
Рік отримання вченого ступеня 2012
520 ## - Резюме і т.п.
Резюме, реферат, анотація, тощо (НП) Дисертація присвячена комплексному науковому висвітленню теоретичних основ та особливостей практичної реалізації у сучасних умовах криміналістичного забезпечення слідчої діяльності в органах внутрішніх справ, визначенню його поняття, аналізу складових його механізму, структури, а також визначенню можливих шляхів його удосконалення за сучасних умов. <br/>У дисертації розглянуто становлення криміналістичного забезпечення як наукової категорії у понятійній системі науки криміналістики з визначенням передумов виникнення та початку наукової розробки, підходів до сучасного його розуміння, змісту, а також особливостей структурної побудови, мети і завдань. Розглянуті основні напрями криміналістичного забезпечення в ОВС та особливості практичної реалізації техніко-, тактико- та експертно-криміналістичного його спрямування. Особливу увагу в дисертації приділено окресленню кола критеріїв ефективності реалізації криміналістичного забезпечення на практиці, а також розробці рекомендацій щодо можливих шляхів удосконалення порядку використання науково-технічних засобів, методів та спеціальних знань під час розкриття та розслідування злочинів, тактико-криміналістичних прийомів та рекомендацій під час провадження окремих слідчих дій, удосконалення порядку експертно-криміналістичного забезпечення практичної діяльності працівників слідчих підрозділів.
650 ## - Додаткове предметне введення – тематичний термін
Джерело заголовка чи терміна UDC
Тематичний термін чи географічна назва, як елемент введення (НП) 343 Кримінальне право. Карні порушення
942 ## - Додаткові елементи входу (Коха)
Source of classification or shelving scheme Universal Decimal Classification
Тип елемента Koha Автореферат
955 ## - Код типу видання за змістом
Код типу видання за змістом (НП) Наукові видання

Немає доступних примірників.